[Event "Stuttgart op"]
[Site "Ditzingen"]
[Date "2023.05.18"]
[Round "1"]
[White "Zeller, Frank"]
[Black "Volk, Oskar"]
[Result "1-0"]
[WhiteElo "2347"]
[BlackElo "1789"]
[PlyCount "49"]
[EventDate "2023.05.18"]
[EventType "swiss"]
[EventRounds "7"]
[EventCountry "GER"]
[SourceTitle "CBM 214 Extra"]
[Source "ChessBase"]
[SourceDate "2023.07.31"]
[SourceVersion "1"]
[SourceVersionDate "2023.07.31"]
[SourceQuality "1"]

1. e4 c5 2. Nf3 d6 3. d4 cxd4 4. Nxd4 Nf6 5. Nc3 a6 6. Bc4 e6 7. 0-0 b5 8. Bb3 Be7 9. f4 0-0 10. e5 dxe5 11. fxe5 Nfd7 12. Be3 Nxe5 13. Qh5 Nbc6 14. Nxc6 Nxc6 15. Rf3 g6 16. Qh6 e5 17. Rxf7 Rxf7 18. Bxf7+ Kxf7 19. Qxh7+ Ke6 20. Qxg6+ Bf6 21. Rd1 Nd4 22. Bxd4 exd4 23. Re1+ Kd7 24. Nd5 Bh4 25. Qe6# 1-0

[Event "Staufer op 33rd"]
[Site "Schwaebisch Gmuend"]
[Date "2023.01.03"]
[Round "3"]
[White "Zeller, Frank"]
[Black "Yankelevich, Lev"]
[Result "1/2-1/2"]
[WhiteElo "2345"]
[BlackElo "2472"]
[PlyCount "34"]
[EventDate "2023.01.02"]
[EventType "swiss"]
[EventRounds "9"]
[EventCountry "GER"]
[SourceTitle "CBM 212 Extra"]
[Source "ChessBase"]
[SourceDate "2023.03.31"]
[SourceVersion "1"]
[SourceVersionDate "2023.03.31"]
[SourceQuality "1"]

1. e4 e5 2. Nf3 Nc6 3. Bb5 a6 4. Ba4 Nf6 5. 0-0 Be7 6. Re1 b5 7. Bb3 0-0 8. a4 Bb7 9. d3 d6 10. Nbd2 Nd7 11. axb5 axb5 12. Rxa8 Qxa8 13. Nf1 Na5 14. Ba2 Nc6 15. Bb3 Na5 16. Ba2 Nc6 17. Bb3 Na5 1/2-1/2

[Event "Wch Seniors 50 30th"]
[Site "Assisi"]
[Date "2022.11.19"]
[Round "5"]
[White "Zeller, Frank"]
[Black "Balzer, Lars"]
[Result "1-0"]
[WhiteElo "2359"]
[BlackElo "2020"]
[PlyCount "49"]
[EventDate "2022.11.15"]
[EventType "swiss"]
[EventRounds "11"]
[EventCountry "ITA"]
[SourceTitle "CBM 211 Extra"]
[Source "ChessBase"]
[SourceDate "2023.01.31"]
[SourceVersion "1"]
[SourceVersionDate "2023.01.31"]
[SourceQuality "1"]

1. d4 g6 2. e4 Bg7 3. Nc3 d6 4. Nf3 a6 5. Be2 b5 6. 0-0 Bb7 7. e5 dxe5 8. Nxe5 Nf6 9. Bf3 Qc8 10. a4 b4 11. Na2 Nd5 12. c4 bxc3 13. Qb3 e6 14. bxc3 Nc6 15. Rb1 Ra7 16. Bxd5 exd5 17. Nxc6 Bxc6 18. Nb4 Rb7 19. Re1+ Kd7 20. Re7+ Kxe7 21. Nxc6+ Kd6 22. Qa3+ Kxc6 23. Qc5+ Kd7 24. Qxd5+ Ke8 25. Rxb7 1-0

[Event "Wch Seniors 50 30th"]
[Site "Assisi"]
[Date "2022.11.15"]
[Round "1"]
[White "Yeliseyev, Igor"]
[Black "Zeller, Frank"]
[Result "1-0"]
[WhiteElo "1995"]
[BlackElo "2359"]
[PlyCount "107"]
[EventDate "2022.11.15"]
[EventType "swiss"]
[EventRounds "11"]
[EventCountry "ITA"]
[SourceTitle "CBM 211 Extra"]
[Source "ChessBase"]
[SourceDate "2023.01.31"]
[SourceVersion "1"]
[SourceVersionDate "2023.01.31"]
[SourceQuality "1"]

1. d4 Nf6 2. c4 e6 3. Nf3 c5 4. d5 d6 5. Nc3 exd5 6. cxd5 g6 7. Nd2 Nbd7 8. e4 Bg7 9. Be2 0-0 10. 0-0 Re8 11. Qc2 Ne5 12. b3 Nh5 13. Bxh5 gxh5 14. Bb2 Bh6 15. Nd1 b5 16. Ne3 Rb8 17. Rae1 Rb7 18. f4 Ng6 19. g3 Bh3 20. Nf5 Bf8 21. Nf3 f6 22. Rf2 Rf7 23. N3h4 Qd7 24. Rfe2 Bg4 25. Re3 Nxh4 26. Nxh4 Bg7 27. Nf5 Bf8 28. Kg2 Qb7 29. Qd3 c4 30. Qd4 cxb3 31. axb3 Rc8 32. Rc3 Re8 33. Ne3 Bg7 34. Nxg4 hxg4 35. Rc6 f5 36. Qd2 Bxb2 37. Qxb2 fxe4 38. Rxd6 e3 39. Qd4 Rfe7 40. Re2 Qc8 41. Rc6 Qf5 42. d6 Re4 43. Qxa7 Rxf4 44. gxf4 Qd5+ 45. Kg3 Qf3+ 46. Kh4 Qh3+ 47. Kg5 g3 48. d7 Rf8 49. Qc5 Qxd7 50. Rc7 h6+ 51. Kxh6 Qe6+ 52. Kg5 Qf6+ 53. Kh5 Qxf4 54. Qg5+ 1-0

[Event "Lignano Bella Italia op 1st"]
[Site "Lignano Sabbiadoro"]
[Date "2022.08.22"]
[Round "8"]
[White "Bommini, Mounika Akshaya"]
[Black "Zeller, Frank"]
[Result "1/2-1/2"]
[WhiteElo "2107"]
[BlackElo "2356"]
[PlyCount "68"]
[EventDate "2022.08.18"]
[EventType "swiss"]
[EventRounds "9"]
[EventCountry "ITA"]
[SourceTitle "CBM 210 Extra"]
[Source "ChessBase"]
[SourceDate "2022.11.30"]
[SourceVersion "1"]
[SourceVersionDate "2022.11.30"]
[SourceQuality "1"]

1. d4 Nf6 2. c4 e6 3. Nc3 Bb4 4. e3 0-0 5. Bd2 d5 6. Nf3 b6 7. cxd5 exd5 8. Rc1 a6 9. Bd3 Re8 10. Ne5 c5 11. 0-0 Bb7 12. a3 cxd4 13. axb4 dxc3 14. Bxc3 Qd6 15. f4 Nc6 16. b5 axb5 17. Bxb5 Rec8 18. Nxc6 Bxc6 19. Bxc6 Rxc6 20. Bxf6 Rxc1 21. Qxc1 Qxf6 22. Rd1 Qe6 23. Qd2 h5 24. Kf2 Ra5 25. Qd4 h4 26. Rd2 h3 27. b4 Ra3 28. g3 Kh7 29. Kf3 f5 30. Qe5 Qg6 31. Qxd5 Ra1 32. Kf2 Rb1 33. b5 Qg4 34. Qc6 Ra1 1/2-1/2

[Event "Lignano Bella Italia op 1st"]
[Site "Lignano Sabbiadoro"]
[Date "2022.08.18"]
[Round "3"]
[White "Zeller, Frank"]
[Black "Visakh, Narayanan Rajeswari"]
[Result "1/2-1/2"]
[WhiteElo "2356"]
[BlackElo "2503"]
[PlyCount "50"]
[EventDate "2022.08.18"]
[EventType "swiss"]
[EventRounds "9"]
[EventCountry "ITA"]
[SourceTitle "CBM 210 Extra"]
[Source "ChessBase"]
[SourceDate "2022.11.30"]
[SourceVersion "1"]
[SourceVersionDate "2022.11.30"]
[SourceQuality "1"]

1. e4 e5 2. Nf3 Nc6 3. Bb5 a6 4. Ba4 Nf6 5. 0-0 Be7 6. Re1 b5 7. Bb3 d6 8. c3 0-0 9. h3 Nb8 10. d4 Nbd7 11. Nbd2 Bb7 12. Bc2 Re8 13. Nf1 Bf8 14. Ng3 g6 15. Bg5 h6 16. Bd2 Bg7 17. Qc1 Kh7 18. h4 d5 19. exd5 exd4 20. h5 Rxe1+ 21. Qxe1 Nf8 22. cxd4 Bxd5 23. Ne5 N6d7 24. hxg6+ fxg6 25. Nh5 Nxe5 1/2-1/2

[Event "SUI-chT"]
[Site "Switzerland"]
[Date "2021.11.06"]
[Round "6.1"]
[White "Zeller, Frank"]
[Black "Santos Ruiz, Miguel"]
[Result "0-1"]
[WhiteElo "2361"]
[BlackElo "2597"]
[PlyCount "92"]
[EventDate "2021.08.29"]
[EventType "team-tourn"]
[EventRounds "9"]
[EventCountry "SUI"]
[SourceTitle "EXT 2023"]
[Source "ChessBase"]
[SourceDate "2022.10.05"]
[SourceVersion "1"]
[SourceVersionDate "2022.10.05"]
[SourceQuality "1"]
[WhiteTeam "Bodan"]
[BlackTeam "Winterthur"]
[WhiteTeamCountry "SUI"]
[BlackTeamCountry "SUI"]

1. e4 c5 2. Nf3 d6 3. Bb5+ Nd7 4. 0-0 a6 5. Bd3 Ngf6 6. c3 e6 7. Bc2 b5 8. d4 Bb7 9. Re1 Be7 10. Nbd2 Qc7 11. Nf1 0-0 12. Ng3 a5 13. Bf4 Rfc8 14. Rc1 b4 15. e5 dxe5 16. Nxe5 Nxe5 17. Bxe5 Qd8 18. h4 bxc3 19. bxc3 cxd4 20. cxd4 Qd5 21. f3 Qxa2 22. Re2 Qd5 23. Rb1 Qd7 24. h5 h6 25. Kh1 Nd5 26. Ne4 Nb4 27. Ba4 Bc6 28. Bxc6 Qxc6 29. Qe1 Nd5 30. Qg3 Bf8 31. Nc5 Nc3 32. Ree1 Nxb1 33. Rxb1 a4 34. Rb7 a3 35. Qf4 Qe8 36. Nd7 Be7 37. Qg4 Bg5 38. f4 a2 39. fxg5 Rc1+ 40. Kh2 a1Q 41. Nf6+ Kh8 42. Qe2 Rh1+ 43. Kg3 gxf6 44. Bxf6+ Kg8 45. g6 Qe1+ 46. Qxe1 Rxe1 0-1

[Event "Arco op 43rd"]
[Site "Arco"]
[Date "2021.10.14"]
[Round "6"]
[White "Starostits, Ilmars"]
[Black "Zeller, Frank"]
[Result "1-0"]
[WhiteElo "2428"]
[BlackElo "2366"]
[PlyCount "69"]
[EventDate "2021.10.09"]
[EventType "swiss"]
[EventRounds "9"]
[EventCountry "ITA"]
[SourceTitle "CBM 204 Extra"]
[Source "ChessBase"]
[SourceDate "2021.11.30"]
[SourceVersion "1"]
[SourceVersionDate "2021.11.30"]
[SourceQuality "1"]

1. d4 Nf6 2. Nf3 d5 3. c4 e6 4. g3 Bb4+ 5. Bd2 Be7 6. Bg2 0-0 7. 0-0 Nbd7 8. Qc2 c6 9. Rd1 b6 10. Bf4 Bb7 11. Nbd2 Nh5 12. Be3 Nhf6 13. Bg5 h6 14. Bxf6 Bxf6 15. e4 Rc8 16. Nf1 c5 17. exd5 exd5 18. Ne3 g6 19. dxc5 dxc4 20. Ng4 Rc7 21. Nxh6+ Kh8 22. Qxc4 Kg7 23. Qf4 Rxc5 24. Ng4 g5 25. Nxg5 Bxg5 26. Qd4+ Nf6 27. Bxb7 Qxd4 28. Rxd4 Nxg4 29. Rxg4 Kh6 30. Rd1 f5 31. Rd6+ Rf6 32. Rgd4 Rc7 33. Ba6 Kg6 34. Bd3 Kf7 35. Rd7+ 1-0

[Event "Staufer op 32nd"]
[Site "Schwaebisch Gmuend"]
[Date "2020.01.06"]
[Round "9"]
[White "Yi, Danny"]
[Black "Zeller, Frank"]
[Result "1/2-1/2"]
[WhiteElo "2182"]
[BlackElo "2366"]
[PlyCount "57"]
[EventDate "2020.01.02"]
[EventType "swiss"]
[EventRounds "9"]
[EventCountry "GER"]
[SourceTitle "CBM 194 Extra"]
[Source "ChessBase"]
[SourceDate "2020.03.31"]
[SourceVersion "1"]
[SourceVersionDate "2020.03.31"]
[SourceQuality "1"]

1. e4 c5 2. Nf3 d6 3. Bb5+ Nd7 4. 0-0 a6 5. Bd3 Ngf6 6. c3 e5 7. Bc2 Be7 8. d3 0-0 9. Re1 Re8 10. Nbd2 Bf8 11. a4 b6 12. Nf1 Bb7 13. Ng3 d5 14. Qe2 Qc7 15. h3 Rad8 16. Bb3 c4 17. dxc4 dxe4 18. Ng5 Nc5 19. Bc2 Nd3 20. N5xe4 Nxe4 21. Bxd3 Nxg3 22. fxg3 e4 23. Bc2 Qxg3 24. Qf2 Qg6 25. Be3 Re6 26. a5 Rf6 27. Qh4 Be7 28. Qg4 Bc5 29. Bxc5 1/2-1/2

[Event "Bundesliga 1920"]
[Site "Germany"]
[Date "2019.11.24"]
[Round "2.2"]
[White "Zeller, Frank"]
[Black "Pakleza, Zbigniew"]
[Result "1/2-1/2"]
[WhiteElo "2363"]
[BlackElo "2501"]
[PlyCount "46"]
[EventDate "2019.11.23"]
[EventType "team-tourn"]
[EventRounds "15"]
[EventCountry "GER"]
[SourceTitle "CBM 193 Extra"]
[Source "ChessBase"]
[SourceDate "2020.01.31"]
[SourceVersion "1"]
[SourceVersionDate "2020.01.31"]
[SourceQuality "1"]
[WhiteTeam "Augsburg"]
[BlackTeam "Kiel Turm"]
[WhiteTeamCountry "GER"]
[BlackTeamCountry "GER"]

1. e4 g6 2. d4 Bg7 3. Nc3 d6 4. Nf3 Nf6 5. Be2 0-0 6. 0-0 Nc6 7. d5 Nb8 8. Re1 e5 9. dxe6 Bxe6 10. Bf4 Nc6 11. Qd2 Bg4 12. Bh6 Bxf3 13. Bxg7 Kxg7 14. Bxf3 Re8 15. g3 Qe7 16. Bg2 Qe5 17. Rad1 Qc5 18. a3 a5 19. Qe3 Qxe3 20. Rxe3 h5 21. f4 Re7 22. Nd5 Nxd5 23. Rxd5 f6 1/2-1/2